Statistics for Football (Soccer) players by Team History

Click here to take the quiz!

General Stats

  • This quiz has been taken 321 times
  • The average score is 12 of 20

Answer Stats

HintAnswer% Correct
Sporting Lisbon, Manchester United, Real MadridCristiano Ronaldo
99%
Everton, Manchester UnitedWayne Rooney
92%
BarcelonaLionel Messi
89%
Nacional, Groningen, Ajax, Liverpool, BarcelonaLuis Suarez
88%
Monaco, Juventus, Arsenal, Barcelona, New York Red BullsThierry Henry
88%
Santos, New York CosmosPele
85%
Liverpool, LA GalaxySteven Gerrard
77%
Argentinos Jrs, Boca Jrs, Barcelona, Napoli, Sevilla, Newells Old Boys, Boca JrsDiego Maradona
69%
Independiente, Atletico Madrid, Manchester CitySergio Aguero
64%
Cannes, Bordeaux, Juventus, Real MadridZinedine Zidane
64%
Gremio, PSG, Barcelona, Milan, Flamengo, Atletico Mineiro, Queretaro, FluminenseRonaldinho
63%
Ajax, Barcelona, LA Aztecs, Washington Diplomats, Levante, Ajax, FeyenoordJohan Cruyff
62%
Real Madrid, Schalke 04, Al Sadd, New York CosmosRaul
56%
Bayern Munich, New York Cosmos, Hamburger SV, New York CosmosFranz Beckenbauer
44%
Leicester, Everton, Barcelona, Tottenham, Nagoya GrampusGary Lineker
44%
River Plate, Parma, Lazio, Inter Milan, Chelsea, Inter Milan, Genoa, ParmaHernan Crespo
41%
1861 Nordlingen, Bayern Munich, Fort LauderdaleGerd Muller
38%
Vicenza, Fiorentina, Juventus, AC Milan, Bologna, Inter Milan, BresciaRoberto Baggio
33%
Cannes, AC Milan, Arsenal, Juventus, Inter Milan, Manchester CityPatrick Vieira
29%
Bayer Leverkusen, LA GalaxyLandon Donovan
13%

Score Distribution

Percentile by Number Answered

Percent of People with Each Score

Your Score History

You have not taken this quiz